Danske X Factor dommere - Statistics

General Stats
  • This quiz has been taken 11 times
  • The average score is 10 of 17
Answer Stats
Answer % Correct
Thomas Blachman
100%
Benjamin Hav
90%
Remee Jackman
90%
Oh Land
80%
Drew Sycamore
70%
Cutfather
60%
Lina Rafn
60%
Simon Kvamm
60%
Martin Jensen
50%
Ankerstjerne
40%
Anne Linnet
40%
Mette Lindberg
40%
Pernille Rosendahl
40%
Soulshock
40%
Ida Corr
30%
Kwamie Liv
30%
Sanne Salomonsen
30%
No matching quizzes found
Score Distribution
Percent of People with Each Score
Percentile by Number Answered
Your Score History
You have not taken this quiz